Open Data Biblioteca Nacional de Portugal


República Portuguesa: Ministério da Cultura
Biblioteca Nacional de Portugal

Catálogo da BNP: acesso por Identificadores Unívocos
Registos Bibliográficos associados ao registo de autoridade

Etiqueta de registo: 00254nam 2200025 450
001 2286256
003 http://id.bnportugal.gov.pt/bib/catbnp/2286256
010 ## $a978-989-9275-52-2
021 ## $aPT$b559593/26
100 ## $a20260513d2026 k y0pory01030103ba
101 0# $apor
102 ## $aPT
105 ## $aa z 000yy
106 ## $ar
200 1# $aTrabalho e vidas na mina$ememória oral e história da atividade extrativa no Couto Mineiro do Vale das Gatas, Sabrosa$forg. Pedro Gabriel Silva, Octávio Sacramento$gautores Dina Borges Pereira... [et al.]
205 ## $a1ª ed
210 #9 $aVila Nova de Famalicão$cHúmus,$d2026
215 ## $a264, [3] p.$cil.$d24 cm
701 #1 $aPereira,$bDina Borges$4070$31998293
702 #1 $aSilva,$bPedro Gabriel,$f1973-$4340$31463763
702 #1 $aSacramento,$bOctávio José Rio do,$f1973-$4340$31410308
801 #0 $aPT$bBN$gRPC
966 ## $lBN$mFGMON$x1
966 ## $lBN$mFGMON$x1
971 ## $cssilva$d20260513

OpendataBNP@bnportugal.pt | Mais informação sobre acesso aos dados BNP